01004 2200325 4500001002100000005001500021035002000036007000300056008004100059020002200100082001700122084001900139100003700158245008500195250003400280300003900314650001400353700003400367700004300401504002800444264003200472336002100504337003000525338002300555040002200578090002200600850001200622999002200634990002200656INLIS00000000086017120210524093643 a0010-0521000752ta210524s2019 yoia g | ind d a978-623-02-0150-904223a641.5622 a641.5622 TUT p0 aTutik Hidayatid1990-ePengarang10aPendamping gizi pada balita /cTutik Hidayati, Iis Hanifah, Yessy Nur Endah Sary aCetakan pertama: Oktober 2019 aviii, 52 halaman :btabel ;c29 cm 4aGizi anak0 aIis Hanifahd1989-ePengarang0 aYessy Nur Endah Saryd1988-ePengarang aBibliografi: halaman 5131aSleman :bDeepublish,c2019 2rdacontentateks 2rdamediaatanpa perantara 2rdacarrieravolume aYOPDYOGbinderda aCB-D.11 2019-3994 aYOPDYOG aCB-D.11/2019-3994 aCB-D.11/2019-3994